000 00541nam a22001937a 4500
005 20250310011520.0
008 250310b |||||||| |||| 00| 0 eng d
020 _a978126056596
040 _cJHCSC
082 _a612 R265 2020
245 _aSeeley's Anatomy & Physiology
_cVanPutte, Cinnamon
250 _aTwelfth Edition
260 _aNew York
_bMcGraw Hill Education
_c2020
300 _axx, 1133 pages
500 _aIncludes Index.
650 _2Anatomy & Physiology
700 _97458
_aVanPutte, Cinnamon L.
942 _2ddc
_cBOOK
999 _c10070
_d10070